000
00340nam a2200133Ia 4500
008
170516s9999 xx 000 0 und d
245
4
_a
The Pursuit of Theranostics with CEST MRI
260
_b
Theranostics
260
_c
2016
300
_a
6:10
650
_x
Medical Technology
650
_x
Medtech
856
_u
http://www.thno.org/v6i10
999
_c
330842
_d
330842